00530nam a2200121Ia 4500008004100000020002200041041001200063100007800075245006300153260003800216440005400254650010000308231221s9999 xx 000 0 und d a978-1-4419-1438-5 aEnglish aHeidar A. Talebi, Farzaneh Abdollahi, Rajni V. Patel, Khashayar Khorasani 0aNeural Network-Based State Estimation of Nonlinear Systems c2010bSpringer New YorkaNew York aLecture Notes in Control and Information Sciences aVibration, Dynamical Systems, Control; Systems Theory, Control; Control, Robotics, Mechatronics